000 00732nam a2200277Ia 4500
003 OSt
005 20220912150117.0
006 a|||||r|||| 00| 0
007 ta
008 220909b |||||||| |||| 00| 0 eng d
024 _a36693
037 _cTextual
040 _aCSL
_beng
_cCSL
041 _aeng
082 _aC4:2-5, L7
100 _aButterworth D Ed.
245 0 _aTwo-phase flow and heat transfer
260 _aOxford
_bOxford University Press
_c1977
300 _axxx, 514p.
_ccm.
490 _aHarwell Series
650 _a Heat transfer
650 _aPhysics
700 _a Hewitt G E Ed.
942 _hC4:2-5, L7
_cTEXL
_2CC
999 _c39790
_d39790